000 00561nam a2200181 i 4500
001 146495
003 ES-MaACL
005 20230906201545.0
007 t|
008 070911s1958 sp ||||1| spa d
100 1 _aTreue, Wilhelm.
_9111333
245 1 0 _aMédicos de Cámara, dolencias reales /
_cWilhem Treue ; [versión española de Manuel Blancafort].
250 _a[1ª ed.].
260 _aBarcelona :
_bLuis de Caralt,
_c[1958]
300 _a332 p. :
_bil. ;
_c22 cm.
700 1 _aBlancafort, Manuel.
_929122
852 _aES-MaACL
_jC-15823
_bR.43875
999 _c146495
_d146495